A Introduction To Political Theory (Record no. 3263)

MARC details
000 -LEADER
fixed length control field 00360nam a22001457a 4500
008 - FIXED-LENGTH DATA ELEMENTS--GENERAL INFORMATION
fixed length control field 250429b |||||||| |||| 00| 0 eng d
020 ## - INTERNATIONAL STANDARD BOOK NUMBER
ISBN 1403911126
100 ## - MAIN ENTRY--AUTHOR
Author Guba O P
245 ## - TITLE STATEMENT
Title A Introduction To Political Theory
250 ## - EDITION STATEMENT
Edition statement 4th
260 ## - PUBLICATION, DISTRIBUTION, ETC. (IMPRINT)
Place of publication New Delhi, India
Name of publisher Mcmillan India lLtd.
Date of publication 2003
300 ## - COLLATION
Pagination 509p.
942 ## - ADDED ENTRY ELEMENTS (KOHA)
Item type Books
050 ## - LIBRARY OF CONGRESS CALL NUMBER
Classification number JC 11
Item number .G38
Holdings
Source of classification or shelving scheme Not for loan Permanent location Current location Date acquired Accession No. Full call number Barcode. Koha item type
Dewey Decimal Classification   Samuel Ogbemudia Main Library, University of Abuja Samuel Ogbemudia Main Library, University of Abuja 04/29/2025 2016146346 JC 11.G38 2025-1716 Books